Flash art the world´s leading art magazine : Czech & Slovak edition

Bibliographic Details
Format: Journal
Language:Czech
Slovak
PhysicalDescription:zv. 27-30 cm
Published: Bratislava Praha Flash Art Sk Nadace Prague Bienale 2006-
Bratislava Praha NEON Nadace Prague Biennale
Bratislava Praha PILOT Nadace Prague Biennale
ISSN:1336-9644
Subjects:
Online Access:http://www.flashartonline.com

MARC

LEADER 00000cas a2200000 a 4500
001 vtls008885163
003 SK-MaSNL
005 20260228161442.0
008 061003c20069999xo qr p 0 b0cze
022 |a 1336-9644 
035 |a (SVKBB03)vtls000249038 
040 |a SVKBB  |b slo  |c SVKBB  |d SAVUK  |d SNK  |e AACR2 
041 0 |a cze  |a slo 
044 |a xo  |c SK 
072 7 |a 72/76  |x Výtvarné umenie  |2 konspekt 
080 |a 72/76  |2 2011 
080 |a 7.05  |2 2011 
080 |a 050  |2 2011 
080 |a (051)-048.55  |2 2011 
210 0 |a Flash art  |b (Bratisl.) 
222 0 |a Flash art  |b (Bratislava) 
245 0 0 |a Flash art  |b the world´s leading art magazine : Czech & Slovak edition 
246 1 3 |a Flash art  |b Czech & Slovak edition 
260 |a Bratislava  |b Flash Art Sk  |a Praha  |b Nadace Prague Bienale  |c 2006- 
260 2 |3 9/2008-34/2015  |a Bratislava  |b NEON  |a Praha  |b Nadace Prague Biennale 
260 2 |3 35/2015-  |a Bratislava  |b PILOT  |a Praha  |b Nadace Prague Biennale 
300 |a zv.  |c 27-30 cm 
310 |a 4x ročne 
362 0 |a Vol. 1, no. 1 (Sept./Oct. 2006)-  |z SKP 
500 |a Časopis Flash art vznikol v Ríme v roku 1967 
500 |a Má priebežné číslovanie 
500 |a Súbežné cudzojazyčné vydania: Flash art (Ed. italiana) ISSN 0015-3524 ; Flash art (Ed. française) ISSN 0394-1515; Flash art (International edition) ISSN 0394-1493 
500 |a Reg. číslo: MK SR 3582/2006 ; EV 3471/09 
500 |a Ďalšie impresum: Milano : Giancarlo Politi Editore 
500 |a Od č. 32-33/2014 veľkosť zv. 29 cm ; od č. 51/2019 veľkosť zv. 30 cm 
515 |a Chybné uvádzanie čísla ročníkov 
650 0 7 |a umenie  |2 SNKPH  |9 1060 
650 0 7 |a výtvarné umenie  |2 SNKPH  |9 723 
650 0 7 |a dizajn  |2 SNKPH  |9 762 
655 7 |a špecializované časopisy  |2 SNKPH  |9 70509 
775 0 |t Flash art (International edition)  |x 0394-1493 
775 0 |t Flash art (Ed. italiana)  |x 0015-3524 
775 0 |t Flash art (Ed. française)  |x ISSN 0394-1515 
852 |a Štátna vedecká knižnica v Banskej Bystrici 
856 4 1 |u http://www.flashartonline.com 
910 |a savuk 
910 |a snk 
999 |c 5397  |d 7327 
952 |0 0  |1 0  |4 0  |7 0  |8 0  |a SNK  |b SNK  |d 2021-06-07  |i snk2021/6358  |l 0  |o snkČSB 6806/2011-2012  |p 17A1433893  |r 2026-02-21 19:29:08  |t č. 19-22  |w 2026-02-21  |y PREZ  |z odlíšné obálky, text rovnaký  
952 |0 0  |1 0  |4 0  |7 0  |8 0  |a SNK  |b SNK  |d 2021-06-07  |i snk2021/6359  |l 0  |o snkČSB 6806/2011-2012 D1  |p 17A1433894  |r 2026-02-21 19:29:08  |t č. 19-22  |w 2026-02-21  |y PREZ  |z odlíšné obálky, text rovnaký  
952 |0 0  |1 0  |4 0  |7 0  |8 0  |a SNK  |b SNK  |d 2021-06-07  |i snk2021/6360  |l 0  |o snkČSB 6806/2012-2013  |p 17A1433895  |r 2026-02-21 19:29:08  |t č. 23-26  |w 2026-02-21  |y PREZ  |z odlíšné obálky, text rovnaký  
952 |0 0  |1 0  |4 0  |7 0  |8 0  |a SNK  |b SNK  |d 2021-06-07  |i snk2021/6362  |l 0  |o snkČSB 6806/2012-2013 D1  |p 17A1433896  |r 2026-02-21 19:29:08  |t č. 23-26  |w 2026-02-21  |y PREZ  |z odlíšné obálky, text rovnaký  
952 |0 0  |1 0  |4 0  |7 0  |8 0  |a SNK  |b SNK  |d 2021-06-07  |i snk2021/6363  |l 0  |o snkČSB 6806/2013-2014  |p 17A1433897  |r 2026-02-21 19:29:08  |t č. 27-29  |w 2026-02-21  |y PREZ  |z odlíšné obálky, text rovnaký  
952 |0 0  |1 0  |4 0  |7 0  |8 0  |a SNK  |b SNK  |d 2021-06-07  |i snk2021/6365  |l 0  |o snkČSB 6806/2013-2014 D1  |p 17A1433898  |r 2026-02-21 19:29:08  |t č. 27-29  |w 2026-02-21  |y PREZ  |z odlíšné obálky, text rovnaký  
952 |0 0  |1 0  |4 0  |7 0  |8 0  |a SNK  |b SNK  |d 2021-06-07  |i snk2021/6367  |l 0  |o snkČSB 6806/2014  |p 17A1433899  |r 2026-02-21 19:29:08  |t č. 30-33  |w 2026-02-21  |y PREZ  |z odlíšné obálky, text rovnaký  
952 |0 0  |1 0  |4 0  |7 0  |8 0  |a SNK  |b SNK  |d 2021-06-07  |i snk2021/6375  |l 0  |o snkČSB 6806/2014 D1  |p 17A1433900  |r 2026-02-21 19:29:08  |t č. 30-33  |w 2026-02-21  |y PREZ  |z odlíšné obálky, text rovnaký  
952 |0 0  |1 0  |4 0  |7 0  |8 0  |a SNK  |b SNK  |d 2021-06-07  |i snk2021/6399  |l 0  |o snkČSB 6806/2015-2016  |p 17A1433901  |r 2026-02-21 19:29:10  |t č. 34-39  |w 2026-02-21  |y PREZ 
952 |0 0  |1 0  |4 0  |7 0  |8 0  |a SNK  |b SNK  |d 2021-06-07  |i snk2021/6403  |l 0  |o snkČSB 6806/2016-2017  |p 17A1433902  |r 2026-02-21 19:29:10  |t č. 39-42  |w 2026-02-21  |y PREZ 
952 |0 0  |1 0  |4 0  |7 0  |8 0  |a SNK  |b SNK  |d 2021-06-07  |i snk2021/6406  |l 0  |o snkČSB 6806/2017-2018  |p 17A1433903  |r 2026-02-21 19:29:10  |t č. 43-46  |w 2026-02-21  |y PREZ 
952 |0 0  |1 0  |4 0  |7 0  |8 0  |a SNK  |b SNK  |d 2021-06-07  |i snk2021/6432  |l 0  |o snkČSB 6806/2018-2019  |p 17A1433904  |r 2026-02-21 19:29:10  |t č. 47-50 + zvláštne číslo  |w 2026-02-21  |y PREZ  |z Zvláštné č.: Flash art the world´s leading art magazine : Czech & Slovak edition English issue no. 4 
952 |0 0  |1 0  |4 0  |7 0  |8 0  |a SNK  |b SNK  |d 2018-10-01  |i snk2018/19728  |l 0  |o snkČSB 6806/2007-2008 D1  |p 17A1328713  |r 2026-02-21 19:34:13  |t č. 5-8  |w 2026-02-21  |y PREZ  |z odlíšné obálky, text rovnaký ; ; chybné označenie ročníka 
952 |0 0  |1 0  |4 0  |7 0  |8 0  |a SNK  |b SNK  |d 2018-10-01  |i snk2018/19681  |l 0  |o snkČSB 6806/1/2006-2007  |p 17A1328711  |r 2026-02-21 19:56:21  |t č. 1-4, neúplné   |w 2026-02-21  |y PREZ  |z Chýba č. 1, 3-4 ; odlíšné obálky, text rovnaký 
952 |0 0  |1 0  |4 0  |7 0  |8 0  |a SNK  |b SNK  |d 2021-06-08  |i snk2021/6472  |l 0  |o snkČSB 6806/2018-2019 D1  |p 17A1433905  |r 2026-02-21 20:00:07  |t č. 47-50 + zvláštne číslo, neúpl  |w 2026-02-21  |y PREZ  |z Chýba č. 47, 49,50 ; ; Zvláštné č.: Flash art the world´s leading art magazine : Czech & Slovak edition English issue no. 4 
952 |0 0  |1 0  |4 0  |7 0  |8 0  |a SNK  |b SNK  |d 2021-06-08  |i snk2021/6475  |l 0  |o snkČSB 6806/2019-2020  |p 17A1433906  |r 2026-02-21 20:00:09  |t č. 51-54  |w 2026-02-21  |y PREZ 
952 |0 0  |1 0  |4 0  |7 0  |8 0  |a SNK  |b SNK  |d 2021-06-08  |i snk2021/6481  |l 0  |o snkČSB 6806/2020-2021  |p 17A1433907  |r 2026-02-21 20:00:09  |t č. 55-58  |w 2026-02-21  |y PREZ 
952 |0 0  |1 0  |4 0  |7 3  |8 0  |a SNK  |b SNK  |d 2018-10-01  |i snk2018/19734  |l 0  |o snkČSB 6806/2008-2009  |p 17A1328714  |r 2026-02-21 21:05:09  |t č. 9-10  |w 2026-02-21  |y NEVYP 
952 |0 0  |1 0  |4 0  |7 0  |8 0  |a SNK  |b SNK  |d 2018-10-01  |i snk2018/19738  |l 0  |o snkČSB 6806/2009  |p 17A1328715  |r 2026-02-21 21:05:10  |t č. 11-14  |w 2026-02-21  |y PREZ  |z odlíšné obálky, text rovnaký ; ; chybné označenie ročníka 
952 |0 0  |1 0  |4 0  |7 0  |8 0  |a SNK  |b SNK  |d 2018-10-01  |i snk2018/19724  |l 0  |o snkČSB 6806/2007-2008  |p 17A1328712  |r 2026-02-21 21:13:46  |t č. 5-8  |w 2026-02-21  |y PREZ  |z odlíšné obálky, text rovnaký ; ; chybné označenie ročníka 
952 |0 0  |1 0  |4 0  |7 0  |8 0  |a SNK  |b SNK  |d 2021-06-02  |i snk2021/6183  |l 0  |o snkČSB 6806/1/2006-2007 D1  |p 17A1433884  |r 2026-02-21 21:29:37  |t č. 1-4, neúplné  |w 2026-02-21  |y PREZ  |z Chýba č. 1, 3-4 ; odlíšné obálky, text rovnaký 
952 |0 0  |1 0  |4 0  |7 0  |8 0  |a SNK  |b SNK  |d 2021-06-02  |i snk2021/6205  |l 0  |o snkČSB 6806/2009 D1  |p 17A1433890  |r 2026-02-21 21:29:37  |t č. 11-14  |w 2026-02-21  |y PREZ  |z odlíšné obálky, text rovnaký ; ; chybné označenie ročníka 
952 |0 0  |1 0  |4 0  |7 0  |8 0  |a SNK  |b SNK  |d 2021-06-02  |i snk2021/6215  |l 0  |o snkČSB 6806/2010-2011  |p 17A1433891  |r 2026-02-21 21:29:37  |t č. 15-18, neúplné  |w 2026-02-21  |y PREZ  |z Chýba č. 16 ; ; odlíšné obálky, text rovnaký  
952 |0 0  |1 0  |4 0  |7 0  |8 0  |a SNK  |b SNK  |d 2021-06-02  |i snk2021/6217  |l 0  |o snkČSB 6806/2010-2011 D1  |p 17A1433892  |r 2026-02-21 21:29:39  |t č. 15-18, neúplné  |w 2026-02-21  |y PREZ  |z Chýba č. 16 ; 18 ; ; odlíšné obálky, text rovnaký